| 000 | 00860nam a2200253Ia 4500 | ||
|---|---|---|---|
| 003 | OSt | ||
| 005 | 20220923211510.0 | ||
| 006 | a|||||r|||| 00| 0 | ||
| 007 | ta | ||
| 008 | Pun | ||
| 020 |
_a9789380144474 (pbk) _c300 |
||
| 024 | _a280,643 | ||
| 037 |
_b804, 09/03/2014, H.K. Prakashan _cTextual |
||
| 040 |
_aARTS _cARTS _bPun |
||
| 041 |
_2Pun _aPun |
||
| 082 | _aO153:g, Q3 | ||
| 100 | _aਲੌ੍ਵਗੀਆ, ਜਗਪਾਲ ਸਿੰਘ | ||
| 245 | 0 | _aਪੰਜਾਬੀ ਭਾFਾ ਤੇ ਸਾਹਿਤ ਸੰਖੇਪ ਅਧਿਐਨ | |
| 260 |
_aਪਨਿਆਲਾ _b 20 ਸੈ੍ਵਚੁਰੀ _c2013 |
||
| 300 |
_a427ਪੰ _ccm. |
||
| 650 | _aਪੰਜਾਬੀ ਸਾਹਿਤ | ||
| 942 |
_hO153:g, Q3 _cTEXL _2CC |
||
| 999 |
_c300156 _d300156 |
||